Atomic habits : (Record no. 9576)

MARC details
000 -LEADER
fixed length control field 02544nam a22002417a 4500
001 - CONTROL NUMBER
control field 9576
003 - CONTROL NUMBER IDENTIFIER
control field FISKH
005 - DATE AND TIME OF LATEST TRANSACTION
control field 20260123153623.0
008 - FIXED-LENGTH DATA ELEMENTS--GENERAL INFORMATION
fixed length control field 260123b cb ||||| |||| 00| 0 eng d
020 ## - INTERNATIONAL STANDARD BOOK NUMBER
International Standard Book Number 9781847941831
040 ## - CATALOGING SOURCE
Original cataloging agency FISKH
Language of cataloging eng
Transcribing agency FISKH
Modifying agency FISKH
050 ## - LIBRARY OF CONGRESS CALL NUMBER
Classification number BF335 .C525
082 ## - DEWEY DECIMAL CLASSIFICATION NUMBER
Classification number 155.24
100 ## - MAIN ENTRY--PERSONAL NAME
Personal name Clear, James
245 ## - TITLE STATEMENT
Title Atomic habits :
Remainder of title Tiny changes, remarkable results
250 ## - EDITION STATEMENT
Edition statement This edition published in 2022
260 ## - PUBLICATION, DISTRIBUTION, ETC.
Place of publication, distribution, etc. United Kingdom :
Name of publisher, distributor, etc. Coner Stone Press,
Date of publication, distribution, etc. 2018.
300 ## - PHYSICAL DESCRIPTION
Extent 306 pages :
Dimensions 24 cm
520 ## - SUMMARY, ETC.
Summary, etc. No matter your goals, Atomic Habits offers a proven framework for improving every day. James Clear, one of the world's leading experts on habit formation, reveals practical strategies that will teach you exactly how to form good habits, break bad ones, and master the tiny behaviors that lead to remarkable results.<br/>If you're having trouble changing your habits, the problem isn't you. The problem is your system. Bad habits repeat themselves again and again not because you don't want to change, but because you have the wrong system for change. You do not rise to the level of your goals. You fall to the level of your systems. Here, you'll get a proven system that can take you to new heights.<br/>Clear is known for his ability to distill complex topics into simple behaviors that can be easily applied to daily life and work. Here, he draws on the most proven ideas from biology, psychology, and neuroscience to create an easy-to-understand guide for making good habits inevitable and bad habits impossible. Along the way, readers will be inspired and entertained with true stories from Olympic gold medalists, award-winning artists, business leaders, life-saving physicians, and star comedians who have used the science of small habits to master their craft and vault to the top of their field.<br/>Learn how to:<br/>make time for new habits (even when life gets crazy);<br/>overcome a lack of motivation and willpower;<br/>design your environment to make success easier;<br/>get back on track when you fall off course;<br/>...and much more.<br/>Atomic Habits will reshape the way you think about progress and success, and give you the tools and strategies you need to transform your habits—whether you are a team looking to win a championship, an organization hoping to redefine an industry, or simply an individual who wishes to quit smoking, lose weight, reduce stress, or achieve any other goal.
650 ## - SUBJECT ADDED ENTRY--TOPICAL TERM
Topical term or geographic name entry element Productivity
Form subdivision Self-improvement
General subdivision Psychology
942 ## - ADDED ENTRY ELEMENTS (KOHA)
Source of classification or shelving scheme Dewey Decimal Classification
Koha item type Books
Suppress in OPAC No
Holdings
Withdrawn status Lost status Source of classification or shelving scheme Damaged status Not for loan Collection Home library Current library Shelving location Date acquired Total Checkouts Full call number Barcode Date due Date last seen Date last checked out Copy number Price effective from Koha item type
    Dewey Decimal Classification     Non-Fiction Footprints International School Library Network Toul Kork Campus Footprints International School Library Network Toul Kork Campus A TK Campus, 4th Floor, Room B401, Non-Fiction Bookcases(7-8) 01/23/2026 4 CLE 155.24 BF335 .C525 2026-0093 04/17/2026 04/03/2026 04/03/2026 1 01/23/2026 Books